000 00370nam a2200133 a 4500
005 20140412111324.0
008 110407s19uu xx 00 eng d
050 _aER
_bUp1 1994
100 _aConnelly, Neil
245 _aUpside - down ears /
_cNeil Connelly.
260 _aHongkong :
_bOttenheimer pub,
_c1994.
440 _aTales from the carrot patch
999 _c104511
_d104511